| 000 -LEADER | |
|---|---|
| fixed length control field | 00428nam a22001577a 4500 |
| 005 - DATE AND TIME OF LATEST TRANSACTION | |
| control field | 20231106135039.0 |
| 008 - FIXED-LENGTH DATA ELEMENTS--GENERAL INFORMATION | |
| fixed length control field | 170909b xxu||||| |||| 00| 0 eng d |
| 020 ## - INTERNATIONAL STANDARD BOOK NUMBER | |
| ISBN | 978-93-325-1910-7 |
| 041 ## - LANGUAGE CODE | |
| Language code of text/sound track or separate title | eng |
| 082 ## - DEWEY DECIMAL CLASSIFICATION NUMBER | |
| Classification number | 631.4 |
| 100 ## - MAIN ENTRY--AUTHOR NAME | |
| Personal name | BREDY, NYLE C. AND WEIL, RAY R. |
| 245 ## - TITLE STATEMENT | |
| Title | THE NATURE AND PROPERTIES OF SOILS |
| Statement of responsibility, etc | NYLE C. BREDY, AND RAY R. WEIL |
| 260 ## - PUBLICATION, DISTRIBUTION, ETC. (IMPRINT) | |
| Name of publisher | PEARSON |
| Year of publication | 2014 |
| 300 ## - PHYSICAL DESCRIPTION | |
| Number of Pages | 1046p. |
| 942 ## - ADDED ENTRY ELEMENTS (KOHA) | |
| Koha item type | Books |
| Lost status | Damaged status | Collection code | Home library | Current library | Shelving location | Date acquired | Source of acquisition | Cost, normal purchase price | Full call number | Accession Number | Koha item type |
|---|---|---|---|---|---|---|---|---|---|---|---|
| Reference | JRU Library | JRU Library | SHELF-2-E | 09/09/2017 | PURCHESS | 1139.00 | 631.4 | 21876 | Books | ||
| AGRICULTURE | JRU Library | JRU Library | SHELF-45-D | 06/11/2023 | PURCHASE [LBI000221/29/10/2023 | 1365.00 | 631.4 | 28106 | Books | ||
| AGRICULTURE | JRU Library | JRU Library | SHELF-45-D | 06/11/2023 | PURCHASE [LBI000221/29/10/2023 | 1365.00 | 631.4 | 28107 | Books | ||
| AGRICULTURE | JRU Library | JRU Library | SHELF-45-D | 06/11/2023 | PURCHASE [LBI000221/29/10/2023 | 1365.00 | 631.4 | 28108 | Books |